A Textbook of Discrete Mathematics (Record no. 8772)
[ view plain ]
| 000 -LEADER | |
|---|---|
| fixed length control field | 00322nam a2200133Ia 4500 |
| 003 - CONTROL NUMBER IDENTIFIER | |
| control field | OSt |
| 005 - DATE AND TIME OF LATEST TRANSACTION | |
| control field | 20240219160936.0 |
| 008 - FIXED-LENGTH DATA ELEMENTS--GENERAL INFORMATION | |
| fixed length control field | 170524s9999 xx 000 0 und d |
| 020 ## - INTERNATIONAL STANDARD BOOK NUMBER | |
| International Standard Book Number | 978-9385676451 |
| 040 ## - CATALOGING SOURCE | |
| Transcribing agency | iimtu meerut |
| 100 ## - MAIN ENTRY--PERSONAL NAME | |
| Personal name | Sarkar Swapan kumar |
| 245 #2 - TITLE STATEMENT | |
| Title | A Textbook of Discrete Mathematics |
| 942 ## - ADDED ENTRY ELEMENTS (KOHA) | |
| Source of classification or shelving scheme | |
| Koha item type | Book Bank |
| Withdrawn status | Lost status | Source of classification or shelving scheme | Damaged status | Not for loan | Home library | Current library | Date acquired | Total Checkouts | Barcode | Date last seen | Date last checked out | Uniform Resource Identifier | Price effective from | Koha item type |
|---|---|---|---|---|---|---|---|---|---|---|---|---|---|---|
| IIMT University Central Library Meerut | IIMT University Central Library Meerut | 05/29/2017 | 2 | 01-B-92878 | 01/20/2022 | 11/23/2021 | MATHEMATICS | 05/29/2017 | Book Bank | |||||
| IIMT University Central Library Meerut | IIMT University Central Library Meerut | 05/29/2017 | 01-B-92879 | 05/29/2017 | MATHEMATICS | 05/29/2017 | Book Bank | |||||||
| IIMT University Central Library Meerut | IIMT University Central Library Meerut | 05/29/2017 | 01-B-92880 | 05/29/2017 | MATHEMATICS | 05/29/2017 | Book Bank | |||||||
| IIMT University Central Library Meerut | IIMT University Central Library Meerut | 05/29/2017 | 01-B-92881 | 05/29/2017 | MATHEMATICS | 05/29/2017 | Book Bank | |||||||
| IIMT University Central Library Meerut | IIMT University Central Library Meerut | 05/29/2017 | 01-B-92882 | 05/29/2017 | MATHEMATICS | 05/29/2017 | Book Bank |

